000 01430cam a2200217 4500
001 WB3910-15
008 030311n2003 000 0 eng u
035 _a(Sirsi) u121588
245 _aAchieving high quality business planning zones
260 _c2003
490 _aCABE Press Release
_v4 March 2003, (2)
520 _aThe Commission for Architecture and the Built Environment (CABE) has launched a 10-step guide on how to develop successful, well-designed business planning zones (BPZs). "Ten ways to make quality count: business planning zones". Business planning zones (BPZs) are one of a number of measures intended to make the planning system faster, simpler and more effective. They should be high quality environments attractive to investment and a move away from the model of a car-dominated, mono-use environment with poor accessibility and little viability. The document can be downloaded from http://www.cabe.org.uk/displayData.html/XLI-LibraryUsefulPDFsCABEPublicationsCABEBPZ.pdf?type=pdf&id=413 or t +44(0)20 7960 2400 or [email protected] http://www.cabe.org.uk/jeJCbelaS4+=SMligwDUpFw/news/press/press_release.html?press_release_id=212
590 _aWB
650 _aDESIGN QUALITY
650 _aPLANNING SYSTEM
650 _aBUSINESS PARKS
650 _aBUSINESS PLANNING ZONES
650 _aREGENERATION
690 _aENVIRONMENTAL AND LAND CONSULTANCY-PLANNING AND DEVELOPMENT
942 _n0
999 _c72278
_d72278